250104 - Quiz quotidien du 4 janvier 2025 - Statistiques

Statistiques générales
  • Ce quiz a été pris 54 fois
  • Le résultat moyen est 5 sur 10
Statistiques - réponses
Question Réponse % Correct
Que signifie la phrase latine 'cogito ergo sum' ? Je pense, donc je suis
100%
Où se trouve le musée du Prado ? Madrid
73%
Quel pays compte le plus grand nombre de personnes séropositives – environ 9,2 millions ou 15 % de sa population ? Afrique du Sud
45%
Lequel de ces médicaments est un antibiotique ? Amoxicilline
45%
Lequel des mots suivants n'est PAS à l'origine un acronyme ? Logo
45%
Qui avait autrefois un chimpanzé de compagnie nommé Bubbles ? Michael Jackson
45%
Quel est le seul État des États-Unis dont la capitale comporte trois mots dans son nom ? Utah
45%
Comment appelle-t-on le processus de durcissement du caoutchouc ? Vulcanisation
45%
Quel personnage est inspiré d'une personne réelle née en Turquie vers 270 après J.-C. ? Père Noël
36%
En dehors d'Amsterdam, quelle est la seule capitale nationale située sous le niveau de la mer ? Bakou
27%
Aucun quiz correspondant
Distribution des résultats
% des personnes avec chaque résultat
Percentile par nombre de réponses
Votre historique - résultats
Vous n’avez pas pris ce quiz